Представление документа в формате RUSMARC

ПолеНазваниеЗначение
  Тип записи a
  Библиографический уровень a
001 Контрольный номер RU/CBS_UL/BASE/4c4fcd71ec83432cba52ec5322094f6b
005 Дата корректировки 20260205161820.6
100 Данные общей обработки __
a Данные общей обработки 20260205 ||| 0rusy0189 ca
101 Язык документа 0_
a Язык текста rus
102 Страна публикации __
a Страна публикации RU
200 Заглавие и сведения об ответственности 1_
a Заглавие Виктория Агалакова: " У меня родинка, как у Мэрилин Монро, поэтому с детства я была уверена, что стану большой актрисой"
e Сведения, относящиеся к заглавию [беседа с актрисой В. Агалаковой о жизни и творчестве]
f Первые сведения об ответственности В. Агалакова
g Последующие сведения об ответственности бесед. Н. Скогорева
300 Общие примечания __
a Общие примечания 16+
461 Уровень набора _0
1 2000
a Коллекция КАРАВАН историй
463 Уровень физической единицы _0
1 2000
a № 1
v С. 34-57 : фот.
1 2101
d 2026
1 001RU/CBS_UL/BASE/acf7af95dd5d4fbaae423ecf9693e707
600 Персоналии _1
a Персоналии (Фамилия) Агалакова
b Персоналии (Имя, инициалы) В.А.
606 Тематические рубрики 0_
a Основная рубрика Агалакова, Виктория Андреевна (1996)
610 Ключевые слова 0_
a Ключевые слова актрисы, российские актрисы, актрисы театра и кино
686 Индексы других классификаций __
2 Код системы rubbk
a Классификационный индекс 85.374(2)
700 Автор _1
a Фамилия Агалакова
b Имя (инициалы) В.
801 Источник записи _0
a Страна RU
b Организация МБУК ЦБС г. Ульяновска
c Дата составления 20260205
g Правила каталогизации RCR
801 Источник записи _1
a Страна RU
b Организация МБУК ЦБС г. Ульяновска
c Дата составления 20260205
g Правила каталогизации RCR
901 Тип документа __
t Тип документа b
w Контрольный № источника RU/CBS_UL/BASE/acf7af95dd5d4fbaae423ecf9693e707
909 Создатель записи __
a Создатель записи lib1